[Event "Lloyds Bank Masters 05th"]
[Site "London"]
[Date "1981.08.25"]
[Round "1.1"]
[White "Smyslov, Vassily V"]
[Black "Lewis, Andrew P"]
[Result "1/2-1/2"]
[WhiteElo "2580"]
[BlackElo "2295"]
[PlyCount "91"]
[EventDate "1981.08.25"]
[EventType "swiss"]
[EventRounds "9"]
[EventCountry "ENG"]
[SourceTitle "BritBase"]
[Source "John Saunders"]
[SourceDate "2023.12.16"]
[SourceVersion "1"]
[SourceVersionDate "2023.12.16"]
[SourceQuality "1"]

1. g3 g6 2. Bg2 Bg7 3. d4 d6 4. e4 Nc6 5. Ne2 e5 6. d5 Nce7 7. c4 c5 8. Nbc3 f5
9. f4 exf4 10. Nxf4 Nf6 11. Ne6 Bxe6 12. dxe6 O-O 13. O-O fxe4 14. Bg5 h6 15.
Bxf6 Rxf6 16. Rxf6 Bxf6 17. Bxe4 Qf8 18. Qe2 Qg7 19. Nd5 Rf8 20. Nxe7+ Bxe7 21.
Rd1 b6 22. Kg2 Qf6 23. Rd3 Kg7 24. Bd5 Qe5 25. Re3 Qd4 26. Ra3 a5 27. Rb3 Rf5
28. Rxb6 Re5 29. Qf2 Rf5 30. Qxd4+ cxd4 31. Rb3 Re5 32. Kf2 h5 33. Rd3 Bg5 34.
Kf1 Be3 35. Rb3 Kf6 36. Rb7 d3 37. Rf7+ Kg5 38. h4+ Kh6 39. e7 d2 40. Bf3 Bc5
41. Kg2 Re1 42. Bd1 d5 43. cxd5 Bxe7 44. Rf1 Bb4 45. a3 Bd6 46. g4 1/2-1/2

[Event "Lloyds Bank Masters 05th"]
[Site "London"]
[Date "1981.08.25"]
[Round "1.2"]
[White "West, Guy"]
[Black "Miles, Anthony John"]
[Result "0-1"]
[WhiteElo "2265"]
[BlackElo "2565"]
[PlyCount "42"]
[EventDate "1981.08.25"]
[EventType "swiss"]
[EventRounds "9"]
[EventCountry "ENG"]
[SourceTitle "BritBase"]
[Source "John Saunders"]
[SourceDate "2023.12.16"]
[SourceVersion "1"]
[SourceVersionDate "2023.12.16"]
[SourceQuality "1"]

1. e4 Nc6 2. d4 d5 3. Nc3 dxe4 4. d5 Ne5 5. Qd4 Ng6 6. Qxe4 a6 7. Be3 Nf6 8.
Qd4 e5 9. dxe6 Bxe6 10. O-O-O Bd6 11. Nf3 O-O 12. Bc4 Bxc4 13. Qxc4 b5 14. Qd4
Qc8 15. Nd5 Nxd5 16. Qxd5 Re8 17. g3 Ne7 18. Qd2 Qb7 19. Ng5 h6 20. Nh3 Rad8
21. Kb1 Qg2 0-1

[Event "Lloyds Bank Masters 05th"]
[Site "London"]
[Date "1981.08.25"]
[Round "1.3"]
[White "Gheorghiu, Florin"]
[Black "Schlenker, Rainer"]
[Result "1-0"]
[WhiteElo "2560"]
[BlackElo "2225"]
[PlyCount "55"]
[EventDate "1981.08.25"]
[EventType "swiss"]
[EventRounds "9"]
[EventCountry "ENG"]
[SourceTitle "BritBase"]
[Source "John Saunders"]
[SourceDate "2023.12.16"]
[SourceVersion "1"]
[SourceVersionDate "2023.12.16"]
[SourceQuality "1"]

1. d4 g6 2. e4 Bg7 3. c4 Nc6 4. Nf3 e5 5. dxe5 Nxe5 6. Nd4 d6 7. Nc3 Ne7 8. Be2
N7c6 9. Be3 h5 10. Nxc6 bxc6 11. f4 Ng4 12. Bd4 Kf8 13. Qd2 Be6 14. Bxg7+ Kxg7
15. O-O-O Kh7 16. Bd3 f6 17. h3 Nh6 18. g4 h4 19. Qf2 Kg7 20. Qxh4 Nf5 21. Qf2
Nh4 22. Rhf1 Qg8 23. f5 Bxc4 24. fxg6 Nxg6 25. Qxf6+ Kh7 26. Rf5 Qe6 27. Rh5+
Kg8 28. Bxc4 1-0

[Event "Lloyds Bank Masters 05th"]
[Site "London"]
[Date "1981.08.25"]
[Round "1.4"]
[White "Shamkovich, Leonid A"]
[Black "Schluter, Werner"]
[Result "1-0"]
[WhiteElo "2500"]
[BlackElo "2215"]
[PlyCount "115"]
[EventDate "1981.08.25"]
[EventType "swiss"]
[EventRounds "9"]
[EventCountry "ENG"]
[SourceTitle "BritBase"]
[Source "John Saunders"]
[SourceDate "2023.12.16"]
[SourceVersion "1"]
[SourceVersionDate "2023.12.16"]
[SourceQuality "1"]

1. e4 g6 2. d4 Bg7 3. Nf3 d6 4. Bc4 Nf6 5. Qe2 Nc6 6. e5 dxe5 7. dxe5 Nd5 8. h3
Nb6 9. Bb3 Nd4 10. Nxd4 Qxd4 11. e6 Bxe6 12. Bxe6 fxe6 13. Qxe6 Rf8 14. O-O Qd6
15. Qe2 O-O-O 16. c3 Rf5 17. Nd2 Nd5 18. Ne4 Qe5 19. Ng3 Qxe2 20. Nxe2 Be5 21.
g4 Rf3 22. Kg2 Rd3 23. Bh6 Nb6 24. Rae1 R8d7 25. Nf4 Bxf4 26. Bxf4 Nd5 27. Bg5
b5 28. Re4 Nf6 29. Re2 R3d5 30. Bf4 b4 31. cxb4 Rd4 32. Be3 Rxb4 33. Bc5 Ra4
34. b3 Ra5 35. Bxe7 Nd5 36. Bg5 Nc3 37. Bd2 Rc5 38. Bxc3 Rxc3 39. Rfe1 Rf7 40.
Re7 Rcf3 41. R1e2 {(the moves given in the bulletin hereabouts don't make much
sense - Black could equalise with ...Rxf2+ and again on move 43 - probably
moves recorded after a time scramble? I haven't been able to find a convincing
reconstruction - JS)} h5 42. R7e6 R7f6 43. R2e3 Rxe6 {(43...Rf6 bulletin)} 44.
Rxf3 {(the rest of the score seems to be OK)} Re2 45. Rf6 Rxa2 46. g5 Rb2 47.
Rxg6 Rxb3 48. Rh6 Kd7 49. Rxh5 Ke6 50. h4 Rb8 51. Rh6+ Kf5 52. Kg3 Rb6 53. Rh7
Rb3+ 54. f3 Rc3 55. Rf7+ Kg6 56. Rf6+ Kg7 57. Ra6 c5 58. h5 {Source: bulletin}
1-0

[Event "Lloyds Bank Masters 05th"]
[Site "London"]
[Date "1981.08.25"]
[Round "1.5"]
[White "Gobet, Fernand"]
[Black "Keene, Raymond Dennis"]
[Result "1/2-1/2"]
[WhiteElo "2210"]
[BlackElo "2475"]
[PlyCount "90"]
[EventDate "1981.08.25"]
[EventType "swiss"]
[EventRounds "9"]
[EventCountry "ENG"]
[SourceTitle "BritBase"]
[Source "John Saunders"]
[SourceDate "2023.12.16"]
[SourceVersion "1"]
[SourceVersionDate "2023.12.16"]
[SourceQuality "1"]

1. e4 g6 2. d4 Bg7 3. Nc3 c5 4. Nf3 Qa5 5. d5 Bxc3+ 6. bxc3 Nf6 7. Be2 Nxe4 8.
O-O d6 9. Bd3 Nf6 10. Re1 Bg4 11. h3 Bxf3 12. Qxf3 Nbd7 13. Bf4 O-O 14. Rxe7
Qxc3 15. Rd1 c4 16. Bd2 Qa3 17. Be2 Qxf3 18. Bxf3 Rfe8 19. Rxe8+ Nxe8 20. Rb1
Rb8 21. a4 a6 22. a5 Nc7 23. Bf4 Nb5 24. Rb4 Rc8 25. Bg4 f5 26. Be2 Re8 27.
Bxc4 Re4 28. Bd2 Nc5 29. f3 Rd4 30. Be3 Rd1+ 31. Kf2 Na3 32. Be2 Nxc2 33. Bxc5
dxc5 34. Rxb7 Rd2 35. Kf1 c4 36. d6 Kf8 37. Rc7 Rxd6 38. Bxc4 Ne3+ 39. Kf2 Nxc4
40. Rxc4 Rd5 41. Rc7 Kg8 42. Ke3 Rxa5 43. Kf4 h6 44. h4 Kh8 45. Ra7 Kg8 1/2-1/2

[Event "Lloyds Bank Masters 05th"]
[Site "London"]
[Date "1981.08.25"]
[Round "1.6"]
[White "Kraidman, Yair"]
[Black "Agusto, Obafunmilayo"]
[Result "1-0"]
[WhiteElo "2440"]
[BlackElo "2195"]
[PlyCount "79"]
[EventDate "1981.08.25"]
[EventType "swiss"]
[EventRounds "9"]
[EventCountry "ENG"]
[SourceTitle "BritBase"]
[Source "John Saunders"]
[SourceDate "2023.12.16"]
[SourceVersion "1"]
[SourceVersionDate "2023.12.16"]
[SourceQuality "1"]

1. d4 Nf6 2. c4 g6 3. Nc3 Bg7 4. e4 O-O 5. Be3 d6 6. f3 Nc6 7. Nge2 a6 8. Nc1
e5 9. d5 Nd4 10. Nb3 c5 11. dxc6 bxc6 12. Nxd4 exd4 13. Bxd4 d5 14. cxd5 cxd5
15. exd5 Bb7 16. Be2 Nxd5 17. Bxg7 Kxg7 18. Nxd5 Qxd5 19. Qxd5 Bxd5 20. Kf2
Rfc8 21. Rhd1 Be6 22. Rd2 Rc6 23. b3 a5 24. Rad1 Rac8 25. Rd4 Rc2 26. R1d2 Kf6
27. Ke3 Rxd2 28. Rxd2 Rc5 29. Bd3 Rc1 30. Kd4 Rh1 31. h3 Rc1 32. Bc4 Re1 33.
Kc5 Re5+ 34. Kb6 a4 35. Bxe6 Rxe6+ 36. Kc5 axb3 37. axb3 Ke7 38. b4 Re3 39. b5
Rb3 40. b6 1-0

[Event "Lloyds Bank Masters 05th"]
[Site "London"]
[Date "1981.08.25"]
[Round "1.7"]
[White "Richardson, John R"]
[Black "Seirawan, Yasser"]
[Result "0-1"]
[WhiteElo "2240"]
[BlackElo "2565"]
[PlyCount "95"]
[EventDate "1981.08.25"]
[EventType "swiss"]
[EventRounds "9"]
[EventCountry "ENG"]
[SourceTitle "BritBase"]
[Source "John Saunders"]
[SourceDate "2023.12.16"]
[SourceVersion "1"]
[SourceVersionDate "2023.12.16"]
[SourceQuality "1"]

1. d4 d6 2. c4 e5 3. dxe5 dxe5 4. Qxd8+ Kxd8 5. b3 Na6 6. Bb2 f6 7. Nc3 c6 8.
g3 Kc7 9. O-O-O Nh6 10. Nh3 Nc5 11. f4 Ng4 12. fxe5 Nxe5 13. Nf4 Ng4 14. Rd4
Bd6 15. Bg2 Be5 16. Rd2 a5 17. Nd3 Bd6 18. Bf3 Bf5 19. e4 Nxd3+ 20. Rxd3 Be6
21. Bxg4 Bxg4 22. Na4 Rhe8 23. Re1 Bb4 24. Ree3 Rad8 25. Bd4 Kc8 26. c5 Ba3+
27. Kc2 f5 28. Bxg7 Rxd3 29. Kxd3 Bc1 30. Re1 Rd8+ 31. Bd4 Ba3 32. Ke3 fxe4 33.
Kxe4 Bb4 34. Rf1 Kb8 35. Rf7 Bh5 36. Re7 Bg6+ 37. Ke3 Ka7 38. Nb6 Ka6 39. Nc4
Rd5 40. Re5 Rxe5+ 41. Nxe5 Bb1 42. Nd3 Bxa2 43. Nc1 Bb1 44. g4 Kb5 45. h4 Bxc5
46. Bxc5 Kxc5 47. h5 Kd5 48. Ne2 0-1

[Event "Lloyds Bank Masters 05th"]
[Site "London"]
[Date "1981.08.25"]
[Round "1.8"]
[White "Kosten, Anthony C"]
[Black "Chandler, Murray G"]
[Result "1/2-1/2"]
[WhiteElo "2315"]
[BlackElo "2530"]
[PlyCount "44"]
[EventDate "1981.08.25"]
[EventType "swiss"]
[EventRounds "9"]
[EventCountry "ENG"]
[SourceTitle "BritBase"]
[Source "John Saunders"]
[SourceDate "2023.12.16"]
[SourceVersion "1"]
[SourceVersionDate "2023.12.16"]
[SourceQuality "1"]

1. e4 c6 2. d4 d5 3. Nc3 dxe4 4. Nxe4 Nf6 5. Nxf6+ gxf6 6. Nf3 Bf5 7. Be2 Nd7
8. O-O Qc7 9. c4 O-O-O 10. Qa4 Kb8 11. b4 Rg8 12. Nh4 Bg4 13. f3 Bh3 14. Be3
Nb6 15. Qb3 e5 16. dxe5 fxe5 17. f4 Bg4 18. Bxg4 Rxg4 19. g3 Bh6 20. Ng2 exf4
21. Nxf4 Bg7 22. Rad1 Be5 1/2-1/2

[Event "Lloyds Bank Masters 05th"]
[Site "London"]
[Date "1981.08.25"]
[Round "1.9"]
[White "Petursson, Margeir"]
[Black "Hebden, Mark L"]
[Result "0-1"]
[WhiteElo "2460"]
[BlackElo "2315"]
[PlyCount "104"]
[EventDate "1981.08.25"]
[EventType "swiss"]
[EventRounds "9"]
[EventCountry "ENG"]
[SourceTitle "BritBase"]
[Source "John Saunders"]
[SourceDate "2023.12.16"]
[SourceVersion "1"]
[SourceVersionDate "2023.12.16"]
[SourceQuality "1"]

1. Nf3 Nf6 2. c4 g6 3. Nc3 Bg7 4. e4 O-O 5. d4 c5 6. Be2 d6 7. O-O Bg4 8. Be3
Bxf3 9. Bxf3 cxd4 10. Bxd4 Nc6 11. Be3 Nd7 12. Qd2 Nc5 13. Rab1 Rc8 14. Rfd1
Ne6 15. Be2 a6 16. Rbc1 Ned4 17. Bf1 Qa5 18. Nd5 Qd8 19. b4 e5 20. a4 Nb3 21.
Qc3 Nxc1 22. Qxc1 Nd4 23. a5 Qe8 24. Qd2 Kh8 25. Re1 Qe6 26. Bd3 Qg4 27. Bxd4
exd4 28. f4 Rfe8 29. Qf2 Qh5 30. Be2 Qh6 31. Bd3 g5 32. f5 Be5 33. g3 g4 34.
Rf1 Qg5 35. f6 Re6 36. Kg2 Rg8 37. Qe2 Qh6 38. Rf5 Qh3+ 39. Kg1 Bxg3 40. hxg3
Qxg3+ 41. Kf1 Qh3+ 42. Kg1 Qg3+ 43. Kf1 Rg6 44. Nf4 Rh6 45. Qg2 Qe3 46. Nxe6
Qc1+ 47. Ke2 Rh3 48. Qxh3 gxh3 49. Nxd4 h2 50. Rh5 h1=Q 51. Rxh1 Qxh1 52. c5
Qh2+ 0-1

[Event "Lloyds Bank Masters 05th"]
[Site "London"]
[Date "1981.08.25"]
[Round "1.11"]
[White "Ligterink, Gert"]
[Black "Cummings, David H"]
[Result "1/2-1/2"]
[WhiteElo "2450"]
[BlackElo "2310"]
[PlyCount "58"]
[EventDate "1981.08.25"]
[EventType "swiss"]
[EventRounds "9"]
[EventCountry "ENG"]
[SourceTitle "BritBase"]
[Source "John Saunders"]
[SourceDate "2023.12.16"]
[SourceVersion "1"]
[SourceVersionDate "2023.12.16"]
[SourceQuality "1"]

1. d4 Nf6 2. c4 e6 3. Nf3 b6 4. g3 Ba6 5. Qb3 c6 6. Nc3 d5 7. cxd5 exd5 8. Bg2
Bd6 9. O-O O-O 10. Re1 Nbd7 11. e4 dxe4 12. Ng5 Be7 13. Ngxe4 Nxe4 14. Bxe4 Bb7
15. Bf4 Nf6 16. Bf3 Re8 17. Rad1 Qd7 18. Be5 Rad8 19. h4 h6 20. a4 Qc8 21. Rc1
Qf5 22. Kg2 Ba8 23. Re2 Bf8 24. Rce1 Ng4 25. Bf4 Rxe2 26. Rxe2 Nf6 27. Be5 Ng4
28. Bf4 Nf6 29. Be5 Ng4 1/2-1/2

[Event "Lloyds Bank Masters 05th"]
[Site "London"]
[Date "1981.08.25"]
[Round "1.12"]
[White "Carleton, John Joseph"]
[Black "Murey, Jacob"]
[Result "0-1"]
[WhiteElo "2305"]
[BlackElo "2450"]
[PlyCount "86"]
[EventDate "1981.08.25"]
[EventType "swiss"]
[EventRounds "9"]
[EventCountry "ENG"]
[SourceTitle "BritBase"]
[Source "John Saunders"]
[SourceDate "2023.12.16"]
[SourceVersion "1"]
[SourceVersionDate "2023.12.16"]
[SourceQuality "1"]

1. e4 c5 2. Nc3 Nc6 3. Nf3 g6 4. Bb5 Bg7 5. O-O Nd4 6. Re1 Nxb5 7. Nxb5 d6 8.
d4 a6 9. Nc3 cxd4 10. Nxd4 Nf6 11. Bg5 h6 12. Bh4 O-O 13. Qd2 g5 14. Bg3 d5 15.
e5 Nh5 16. e6 Nxg3 17. hxg3 Qb6 18. Nf5 fxe6 19. Nxe7+ Kf7 20. Ncxd5 exd5 21.
Nxc8 Rfxc8 22. Qxd5+ Kf8 23. Re3 Re8 24. Rae1 Rxe3 25. Rxe3 Rd8 26. Rf3+ Bf6
27. Qe4 Kg7 28. Rb3 Rd1+ 29. Kh2 Rd4 30. Qxb7+ Qxb7 31. Rxb7+ Kg6 32. c3 Rd2
33. f4 Bd8 34. a4 Kf5 35. Rf7+ Kg4 36. b4 Bb6 37. fxg5 hxg5 38. c4 Bd4 39. Re7
Rd1 40. Re4+ Kf5 41. Re8 Bg1+ 42. Kh3 g4+ 43. Kh4 Bc5 0-1

[Event "Lloyds Bank Masters 05th"]
[Site "London"]
[Date "1981.08.25"]
[Round "1.13"]
[White "Marlow, Michael W"]
[Black "Arnason, Jon L"]
[Result "0-1"]
[WhiteElo "2300"]
[BlackElo "2440"]
[PlyCount "56"]
[EventDate "1981.08.25"]
[EventType "swiss"]
[EventRounds "9"]
[EventCountry "ENG"]
[SourceTitle "BritBase"]
[Source "John Saunders"]
[SourceDate "2023.12.16"]
[SourceVersion "1"]
[SourceVersionDate "2023.12.16"]
[SourceQuality "1"]

1. e4 c5 2. Nf3 e6 3. d4 cxd4 4. Nxd4 Nf6 5. Nc3 Nc6 6. Nxc6 bxc6 7. e5 Nd5 8.
Nxd5 cxd5 9. Bd3 d6 10. exd6 Bxd6 11. O-O O-O 12. f4 Rb8 13. Qh5 g6 14. Qh6 Re8
15. f5 exf5 16. Kh1 Bf8 17. Qf4 Rb4 18. Qf2 Qb6 19. Qxb6 Rxb6 20. Rb1 Ba6 21.
Bxa6 Rxa6 22. a3 Re2 23. c3 Rb6 24. b4 Bg7 25. Bb2 Rc6 26. Rfd1 Bxc3 27. Bxc3
Rxc3 28. Rxd5 Rxa3 0-1

[Event "Lloyds Bank Masters 05th"]
[Site "London"]
[Date "1981.08.25"]
[Round "1.14"]
[White "Saidy, Anthony Fred"]
[Black "Berg, Klaus"]
[Result "1-0"]
[WhiteElo "2430"]
[BlackElo "2295"]
[PlyCount "81"]
[EventDate "1981.08.25"]
[EventType "swiss"]
[EventRounds "9"]
[EventCountry "ENG"]
[SourceTitle "BritBase"]
[Source "John Saunders"]
[SourceDate "2023.12.16"]
[SourceVersion "1"]
[SourceVersionDate "2023.12.16"]
[SourceQuality "1"]

1. d4 g6 2. e4 Bg7 3. c3 d6 4. f4 Nf6 5. e5 Nd5 6. Nf3 O-O 7. Bc4 Nb6 8. Bb3 a5
9. O-O a4 10. Bc2 dxe5 11. fxe5 c5 12. dxc5 Nc4 13. Bxa4 Qa5 14. Bb3 Nxe5 15.
Nxe5 Qxc5+ 16. Kh1 Qxe5 17. Bf4 Qb5 18. Na3 Qe8 19. Qf3 Na6 20. Rae1 Nc5 21.
Bd6 Nxb3 22. axb3 Be6 23. Bc5 Qd7 24. b4 Rfe8 25. Rd1 Qc8 26. h3 h5 27. Rf2 Bf6
28. Bd4 Bh4 29. Rff1 Rd8 30. Qf4 g5 31. Qe5 f6 32. Qe4 Kg7 33. Bxf6+ exf6 34.
Rxd8 Qxd8 35. Qxe6 Bg3 36. Qe2 h4 37. Nc2 Qd7 38. Nd4 Re8 39. Qd3 Bc7 40. Nf5+
Kh8 41. Qxd7 1-0

[Event "Lloyds Bank Masters 05th"]
[Site "London"]
[Date "1981.08.25"]
[Round "1.15"]
[White "Britton, Richard L"]
[Black "Fernandez Garcia, Jose Luis"]
[Result "1/2-1/2"]
[WhiteElo "2295"]
[BlackElo "2420"]
[PlyCount "51"]
[EventDate "1981.08.25"]
[EventType "swiss"]
[EventRounds "9"]
[EventCountry "ENG"]
[SourceTitle "BritBase"]
[Source "John Saunders"]
[SourceDate "2023.12.16"]
[SourceVersion "1"]
[SourceVersionDate "2023.12.16"]
[SourceQuality "1"]

1. e4 Nf6 2. e5 Nd5 3. d4 d6 4. c4 Nb6 5. exd6 cxd6 6. Bd3 g6 7. Ne2 Bg7 8. b3
Nc6 9. Bb2 d5 10. c5 Nd7 11. Nbc3 O-O 12. O-O e5 13. dxe5 Ndxe5 14. Rc1 d4 15.
Na4 Qh4 16. Bb5 Rd8 17. Qd2 Bg4 18. f4 Bxe2 19. Bxe2 d3 20. fxe5 Bh6 21. Qe1
Qg5 22. Bxd3 Rxd3 23. Qf2 Qe7 24. Rce1 Rad8 25. Re2 Rd2 26. Rxd2 1/2-1/2

[Event "Lloyds Bank Masters 05th"]
[Site "London"]
[Date "1981.08.25"]
[Round "1.16"]
[White "Iskov, Gert"]
[Black "Pagden, Michael Ashley"]
[Result "1-0"]
[WhiteElo "2430"]
[BlackElo "2290"]
[PlyCount "67"]
[EventDate "1981.08.25"]
[EventType "swiss"]
[EventRounds "9"]
[EventCountry "ENG"]
[SourceTitle "BritBase"]
[Source "John Saunders"]
[SourceDate "2023.12.16"]
[SourceVersion "1"]
[SourceVersionDate "2023.12.16"]
[SourceQuality "1"]

1. e4 g6 2. d4 Bg7 3. Nc3 d6 4. f4 Nf6 5. Nf3 O-O 6. Bd3 Na6 7. e5 Nd7 8. Ne4
c5 9. c3 cxd4 10. cxd4 dxe5 11. fxe5 Nb6 12. O-O Bg4 13. Neg5 Nb4 14. Be4 Nc6
15. h3 Bxf3 16. Nxf3 Qd7 17. Bg5 f6 18. Qb3+ Kh8 19. Be3 Na5 20. Qc3 Nac4 21.
b3 Nxe3 22. Qxe3 f5 23. Bd3 Nd5 24. Qd2 Rac8 25. Rac1 e6 26. Rc4 Nb6 27. Rc5
Rxc5 28. dxc5 Nd5 29. Bc4 Qc7 30. Qd4 Rd8 31. Ng5 Rd7 32. Nxe6 Bxe5 33. Qxd5
Rxd5 34. Nxc7 1-0

[Event "Lloyds Bank Masters 05th"]
[Site "London"]
[Date "1981.08.25"]
[Round "1.17"]
[White "Cox, John J"]
[Black "Van der Sterren, Paul"]
[Result "0-1"]
[WhiteElo "2275"]
[BlackElo "2420"]
[PlyCount "80"]
[EventDate "1981.08.25"]
[EventType "swiss"]
[EventRounds "9"]
[EventCountry "ENG"]
[SourceTitle "BritBase"]
[Source "John Saunders"]
[SourceDate "2023.12.16"]
[SourceVersion "1"]
[SourceVersionDate "2023.12.16"]
[SourceQuality "1"]

1. c4 e5 2. Nc3 Nc6 3. g3 g6 4. Bg2 Bg7 5. e4 d6 6. Nge2 Nge7 7. d3 O-O 8. Be3
Nd4 9. f4 Bg4 10. h3 Bf3 11. O-O Bxg2 12. Kxg2 c6 13. Bg1 Nxe2 14. Qxe2 f5 15.
fxe5 dxe5 16. Be3 Qd6 17. Rad1 f4 18. Bg1 h5 19. gxf4 exf4 20. d4 Qf6 21. Rd3
Rae8 22. Kh1 Nf5 23. Qd2 Nh6 24. e5 Qf7 25. b3 g5 26. Ne4 Qg6 27. Nd6 Re7 28.
Rdf3 Nf5 29. Qd3 Bh6 30. d5 cxd5 31. Qxd5+ Kh7 32. Bc5 g4 33. Nxf5 gxf3 34.
Qxf3 Rxf5 35. Bxe7 Rxe5 36. Bd6 Qxd6 37. Qxb7+ Re7 38. Qf3 Re3 39. Qb7+ Qe7 40.
Qd5 Rxh3+ 0-1

[Event "Lloyds Bank Masters 05th"]
[Site "London"]
[Date "1981.08.25"]
[Round "1.18"]
[White "Botterill, George Steven"]
[Black "Schubert, Christian"]
[Result "1/2-1/2"]
[WhiteElo "2415"]
[BlackElo "2270"]
[PlyCount "76"]
[EventDate "1981.08.25"]
[EventType "swiss"]
[EventRounds "9"]
[EventCountry "ENG"]
[SourceTitle "BritBase"]
[Source "John Saunders"]
[SourceDate "2023.12.16"]
[SourceVersion "1"]
[SourceVersionDate "2023.12.16"]
[SourceQuality "1"]

1. d4 Nf6 2. c4 g6 3. Nf3 Bg7 4. Nc3 d6 5. e4 O-O 6. Be2 e5 7. Be3 Nc6 8. d5
Ne7 9. Nd2 Ne8 10. g4 f5 11. gxf5 gxf5 12. Bg5 Bf6 13. Nf3 Ng6 14. Rg1 Ng7 15.
Qd2 Nf4 16. Bxf4 exf4 17. O-O-O Kh8 18. Bd3 fxe4 19. Bxe4 a6 20. Qc2 Bxc3 21.
Qxc3 Qf6 22. Rd4 Nf5 23. Bxf5 Bxf5 24. Qd2 Bg6 25. Ng5 Qf5 26. Re4 Rae8 27.
Qc3+ Kg8 28. Rxe8 Rxe8 29. Kd2 c6 30. Ne6 Re7 31. Rg5 Qe4 32. f3 Qb1 33. Ke2 b5
34. Kf2 bxc4 35. Qf6 Qc2+ 36. Kg1 Qd1+ 37. Kg2 Qe2+ 38. Kg1 Qe1+ 1/2-1/2

[Event "Lloyds Bank Masters 05th"]
[Site "London"]
[Date "1981.08.25"]
[Round "1.21"]
[White "Ravikumar, Vaidyanathan"]
[Black "Knott, Simon John Bradley"]
[Result "1-0"]
[WhiteElo "2325"]
[BlackElo "2265"]
[PlyCount "51"]
[EventDate "1981.08.25"]
[EventType "swiss"]
[EventRounds "9"]
[EventCountry "ENG"]
[SourceTitle "BritBase"]
[Source "John Saunders"]
[SourceDate "2023.12.16"]
[SourceVersion "1"]
[SourceVersionDate "2023.12.16"]
[SourceQuality "1"]

1. d4 Nf6 2. Nf3 g6 3. Bf4 Bg7 4. e3 O-O 5. h3 d6 6. Be2 e6 7. O-O Qe7 8. c4
Nbd7 9. Nc3 h5 10. Rc1 a6 11. Bg5 c6 12. b4 Rd8 13. Qb3 Nf8 14. c5 dxc5 15.
bxc5 N8h7 16. Bh4 Qf8 17. Na4 Bh6 18. Nb6 Ra7 19. Bg3 Bd7 20. Bc7 g5 21. Ne5
Qe7 22. Bxd8 Qxd8 23. Nbxd7 Nxd7 24. Bxh5 Nxe5 25. dxe5 Qc7 26. Qb6 1-0

[Event "Lloyds Bank Masters 05th"]
[Site "London"]
[Date "1981.08.25"]
[Round "1.22"]
[White "Kinlay, Jonathan"]
[Black "Strauss, David Jonathan"]
[Result "0-1"]
[WhiteElo "2265"]
[BlackElo "2410"]
[PlyCount "69"]
[EventDate "1981.08.25"]
[EventType "swiss"]
[EventRounds "9"]
[EventCountry "ENG"]
[SourceTitle "BritBase"]
[Source "John Saunders"]
[SourceDate "2023.12.16"]
[SourceVersion "1"]
[SourceVersionDate "2023.12.16"]
[SourceQuality "1"]

1. e4 c5 2. Nf3 Nc6 3. Bb5 g6 4. O-O Bg7 5. c3 Nf6 6. Re1 O-O 7. d4 cxd4 8.
cxd4 d5 9. e5 Ne4 10. Nc3 Bf5 11. Bxc6 bxc6 12. Na4 Bg4 13. h3 Bd7 14. Be3 f5
15. exf6 exf6 16. Qc1 g5 17. Nc5 h6 18. h4 Re8 19. hxg5 hxg5 20. Qc2 Bf5 21.
Qa4 Qb6 22. Rac1 Rac8 23. b3 Bf8 24. Nd2 Nd6 25. Nf1 Qc7 26. Ng3 Qh7 27. Bd2
Nb5 28. Qb4 Ra8 29. Be3 Bg6 30. a4 Nd6 31. Qc3 Rec8 32. a5 Qh4 33. Qd2 Rc7 34.
a6 Rh7 35. Nb7 0-1

[Event "Lloyds Bank Masters 05th"]
[Site "London"]
[Date "1981.08.25"]
[Round "1.24"]
[White "Dickenson, Neil F"]
[Black "Van der Vliet, Fredrik"]
[Result "0-1"]
[WhiteElo "2260"]
[BlackElo "2380"]
[PlyCount "48"]
[EventDate "1981.08.25"]
[EventType "swiss"]
[EventRounds "9"]
[EventCountry "ENG"]
[SourceTitle "BritBase"]
[Source "John Saunders"]
[SourceDate "2023.12.16"]
[SourceVersion "1"]
[SourceVersionDate "2023.12.16"]
[SourceQuality "1"]

1. e4 c5 2. Nf3 d6 3. d4 cxd4 4. Nxd4 Nf6 5. Nc3 a6 6. Bg5 e6 7. f4 b5 8. e5
dxe5 9. fxe5 Qc7 10. exf6 Qe5+ 11. Be2 Qxg5 12. Qd3 Ra7 13. Ne4 Qe5 14. Nf3
Qxb2 15. O-O Rd7 16. Qe3 Bb7 17. Rab1 Qxc2 18. Nfg5 Qc7 19. Rfd1 h6 20. Rbc1
Rxd1+ 21. Rxd1 hxg5 22. fxg7 Bxg7 23. Nd6+ Kf8 24. Qxg5 Bd5 0-1

[Event "Lloyds Bank Masters 05th"]
[Site "London"]
[Date "1981.08.25"]
[Round "1.26"]
[White "Treppner, Gerd"]
[Black "Rumens, David E"]
[Result "1-0"]
[WhiteElo "2255"]
[BlackElo "2355"]
[PlyCount "93"]
[EventDate "1981.08.25"]
[EventType "swiss"]
[EventRounds "9"]
[EventCountry "ENG"]
[SourceTitle "BritBase"]
[Source "John Saunders"]
[SourceDate "2023.12.16"]
[SourceVersion "1"]
[SourceVersionDate "2023.12.16"]
[SourceQuality "1"]

1. Nf3 f5 2. g3 Nf6 3. Bg2 e6 4. d4 Be7 5. O-O O-O 6. c4 d6 7. Nc3 Qe8 8. b3 a5
9. e3 c6 10. Bb2 d5 11. Ne5 Nbd7 12. Nd3 Bd6 13. Qc2 Ng4 14. Rae1 Qh5 15. h3
Ngf6 16. f4 Kh8 17. Qd1 Qg6 18. Kh2 Qh6 19. Qc1 Rg8 20. Ne5 Qh5 21. Bf3 Qe8 22.
Na4 b5 23. cxb5 cxb5 24. Nc5 Ra7 25. Rf2 Ne4 26. Bxe4 dxe4 27. Ncxd7 Bxd7 28.
Rc2 h6 29. Rg1 Kh7 30. Qd2 b4 31. d5 Bb5 32. Nc6 Rc7 33. Nd4 Rxc2 34. Qxc2 exd5
35. Nxf5 Bd3 36. Nxd6 Bxc2 37. Nxe8 Rxe8 38. Rc1 Rc8 39. Kg2 Rc6 40. Kf2 a4 41.
Ke1 axb3 42. axb3 Rg6 43. Rxc2 Rxg3 44. Bd4 Rxh3 45. Rc7 Rg3 46. Kf2 Rg6 47. f5
1-0

[Event "Lloyds Bank Masters 05th"]
[Site "London"]
[Date "1981.08.25"]
[Round "1.34"]
[White "Conquest, Stuart C"]
[Black "Hertzog, Peter"]
[Result "1-0"]
[WhiteElo "2210"]
[BlackElo "2325"]
[PlyCount "55"]
[EventDate "1981.08.25"]
[EventType "swiss"]
[EventRounds "9"]
[EventCountry "ENG"]
[SourceTitle "BritBase"]
[Source "John Saunders"]
[SourceDate "2023.12.16"]
[SourceVersion "1"]
[SourceVersionDate "2023.12.16"]
[SourceQuality "1"]

1. d4 d5 2. c4 Nc6 3. Nc3 dxc4 4. Nf3 Nf6 5. h3 a6 6. d5 Na7 7. e4 e6 8. Bxc4
b5 9. Bb3 b4 10. e5 bxc3 11. exf6 Bb7 12. O-O Bxd5 13. Bxd5 Qxd5 14. Qxd5 exd5
15. Re1+ Kd7 16. Ne5+ Kc8 17. Nxf7 Rg8 18. Re8+ Kb7 19. Nd8+ Kb6 20. fxg7 Rxg7
21. Rxf8 Rd7 22. Rf6+ c6 23. Ne6 cxb2 24. Rb1 Nb5 25. Rxb2 d4 26. a4 Rd6 27.
Bf4 Rd5 28. Nc7 1-0